000 01192nam a2200265Ia 4500
003 OSt
005 20221005110705.0
006 a|||||r|||| 00| 0
007 ta
008 221004b |||||||| |||| 00| 0 hin d
020 _a9788126718863 (hbk)
_c450
024 _a23268
037 _b206, 09/11/2015, Eastern Book Linkers
_cTextual
040 _aCRL
_cCRL
_bhin
041 _2hin
_ahin
082 _aO152,6N468x, Q0
100 _aजोशी, राजेश
245 0 _aएक कवि की दूसरी नोटबुक समकालीनता और साहित्य
_b अपने समय में कविता और गद्य का लेखा - जोखा
246 _aEk kavi kī dūsarī noṭabuk samakālīnatā aur sāhitya: apane samaya mean kavitā aur gadya kā lekhā - jokhā
260 _aनई दिल्ली
_bराजकमल प्रकाशन भारत
_c2010
300 _a307पृ0
_ccm.
650 _aहिन्दी साहित्य
942 _hO152,6N468x, Q0
_cTEXL
_2cc
999 _c1019598
_d1019598